000
00267nam a22000977a 4500
999
_c
520821
_d
520821
082
_a
TNC B3x54 In2/Cw51
100
_a
Cowlagi, V.R.S.
_9
33709
245
_a
Corruption and role of citizen
260
_a
Ahmedabad
_b
Sardar Patel Institute of Pub.Adm.
_c
2004
300
_a
82p.